[Event "Spijkenisse op-B 3rd"]
[Site "Spijkenisse"]
[Date "2013.10.27"]
[Round "5"]
[White "Hogerhorst, Tony"]
[Black "De Wilde, Steven"]
[Result "1/2-1/2"]
[WhiteElo "1822"]
[BlackElo "1629"]
[PlyCount "71"]
[EventDate "2013.10.25"]
[EventType "swiss"]
[EventRounds "6"]
[EventCountry "NED"]
[SourceTitle "EXT 2014"]
[Source "ChessBase"]
[SourceDate "2013.11.20"]
[SourceVersion "1"]
[SourceVersionDate "2013.11.20"]
[SourceQuality "1"]

1. c4 Nf6 2. Nc3 e6 3. e4 Bb4 4. e5 Bxc3 5. dxc3 Ng8 6. Qg4 Kf8 7. Bg5 f6 8. Qf3 Nc6 9. exf6 Nxf6 10. Nh3 Ne5 11. Qg3 d6 12. Rd1 Nf7 13. Be2 Ne4 14. Bxd8 Nxg3 15. fxg3 Nxd8 16. 0-0+ Ke7 17. Rf2 Rf8 18. Rdf1 Rxf2 19. Rxf2 Nf7 20. Bd3 g6 21. Nf4 Ne5 22. Be2 Bd7 23. g4 Rf8 24. g5 Bc6 25. g3 Be4 26. b3 b6 27. Kf1 Rf5 28. h4 Rf7 29. Ke1 Bf5 30. Kd2 Bg4 31. Bxg4 Nxg4 32. Re2 Ne5 33. Re4 c5 34. a4 a5 35. Kc2 Rf8 36. Kd2 1/2-1/2

[Event "Spijkenisse op-B 3rd"]
[Site "Spijkenisse"]
[Date "2013.10.26"]
[Round "3"]
[White "Van Heeren, Arie"]
[Black "Hogerhorst, Tony"]
[Result "0-1"]
[WhiteElo "1701"]
[BlackElo "1822"]
[PlyCount "68"]
[EventDate "2013.10.25"]
[EventType "swiss"]
[EventRounds "6"]
[EventCountry "NED"]
[SourceTitle "EXT 2014"]
[Source "ChessBase"]
[SourceDate "2013.11.20"]
[SourceVersion "1"]
[SourceVersionDate "2013.11.20"]
[SourceQuality "1"]

1. e4 c5 2. Nf3 Nc6 3. d4 cxd4 4. Nxd4 Nf6 5. Nc3 d6 6. Be2 g6 7. Be3 Bg7 8. h3 Bd7 9. Qd2 Rc8 10. 0-0 0-0 11. Rad1 Ne5 12. b3 Re8 13. f4 Nc6 14. Nf3 Qa5 15. a3 Nd8 16. Bd4 Ne6 17. b4 Qd8 18. Be3 Nh5 19. Nd5 Ng3 20. Bxa7 Nxf1 21. Bxf1 Bc6 22. Nb6 Bxe4 23. Nxc8 Qxc8 24. Ne1 Qa8 25. Qe3 d5 26. Bb6 f5 27. c4 d4 28. Bxd4 Nxd4 29. Rxd4 Bxd4 30. Qxd4 Qxa3 31. c5 Qg3 32. Bc4+ e6 33. Qd7 Qxe1+ 34. Kh2 Bc6 0-1

[Event "Maastricht Limburg op-B 7th"]
[Site "Maastricht"]
[Date "2013.05.20"]
[Round "7"]
[White "Hogerhorst, Tony"]
[Black "Santiago, Gerardo"]
[Result "1-0"]
[WhiteElo "1919"]
[BlackElo "1883"]
[PlyCount "69"]
[EventDate "2013.05.17"]
[EventType "swiss"]
[EventRounds "7"]
[EventCountry "NED"]
[SourceTitle "EXT 2014"]
[Source "ChessBase"]
[SourceDate "2013.11.20"]
[SourceVersion "1"]
[SourceVersionDate "2013.11.20"]
[SourceQuality "1"]

1. e4 e5 2. Nf3 Nc6 3. d4 exd4 4. Nxd4 Bc5 5. Be3 Qf6 6. c3 Nge7 7. Bc4 Ne5 8. Be2 d5 9. f4 N5g6 10. e5 Qb6 11. b4 Bxd4 12. Bxd4 Qe6 13. 0-0 Nf5 14. Bg4 Qe7 15. Bc5 Qh4 16. Bf2 Qd8 17. g3 0-0 18. Bf3 c6 19. Nd2 Nh6 20. Qb3 Bh3 21. Rfe1 Ng4 22. Bc5 Re8 23. Rad1 Qc8 24. c4 dxc4 25. Nxc4 Rd8 26. Nd6 Qc7 27. Ne4 Nh6 28. Ng5 Bg4 29. Bxg4 Nxg4 30. e6 Nh6 31. exf7+ Nxf7 32. Rxd8+ Rxd8 33. Ne6 Qd7 34. Nxd8 Qxd8 35. Qe6 1-0

[Event "Maastricht Limburg op-B 7th"]
[Site "Maastricht"]
[Date "2013.05.18"]
[Round "2"]
[White "Hogerhorst, Tony"]
[Black "Garot, Damien"]
[Result "1-0"]
[WhiteElo "1919"]
[BlackElo "1588"]
[PlyCount "87"]
[EventDate "2013.05.17"]
[EventType "swiss"]
[EventRounds "7"]
[EventCountry "NED"]
[SourceTitle "EXT 2014"]
[Source "ChessBase"]
[SourceDate "2013.11.20"]
[SourceVersion "1"]
[SourceVersionDate "2013.11.20"]
[SourceQuality "1"]

1. e4 c5 2. Nf3 Nc6 3. d4 cxd4 4. Nxd4 e5 5. Nb5 a6 6. N5c3 Nf6 7. Bg5 Be7 8. Nd2 d5 9. Bxf6 Bxf6 10. Nxd5 Bg5 11. Nf3 Bh6 12. Bc4 0-0 13. 0-0 b5 14. Bd3 Bg4 15. c3 Ra7 16. a4 bxa4 17. Rxa4 a5 18. Qe2 Qc8 19. h3 Be6 20. Rfa1 Rd8 21. Bc4 Kh8 22. Qc2 g5 23. Nb6 Qb7 24. Bxe6 Qxb6 25. Bd5 Ne7 26. Bxf7 g4 27. hxg4 Rf8 28. Bh5 Bf4 29. b4 Nc6 30. bxa5 Qc5 31. Kh1 Rd8 32. g3 Rad7 33. gxf4 Rd2 34. Nxd2 Qxf2 35. Rf1 Qe3 36. Nf3 exf4 37. Rc4 Ne5 38. Rd4 Rxd4 39. cxd4 Nxf3 40. Qc8+ Kg7 41. Qd7+ Kh6 42. Qe6+ Kg5 43. Qe7+ Kh6 44. Qf6# 1-0

[Event "Maastricht Limburg op-B 6th"]
[Site "Maastricht"]
[Date "2012.05.27"]
[Round "4"]
[White "Lentjes, Noud"]
[Black "Hogerhorst, Tony"]
[Result "1-0"]
[WhiteElo "1940"]
[BlackElo "1950"]
[PlyCount "61"]
[EventDate "2012.05.25"]
[EventType "swiss"]
[EventRounds "7"]
[EventCountry "NED"]
[SourceTitle "EXT 2013"]
[Source "ChessBase"]
[SourceDate "2012.11.22"]
[SourceVersion "1"]
[SourceVersionDate "2012.11.22"]
[SourceQuality "1"]

1. e4 c5 2. Nf3 Nc6 3. d4 cxd4 4. Nxd4 Nf6 5. Nc3 d6 6. Bc4 g6 7. Nxc6 bxc6 8. e5 Nd7 9. e6 fxe6 10. Bxe6 Nf6 11. Bxc8 Qxc8 12. 0-0 Bg7 13. Re1 Qd7 14. Bg5 0-0 15. Qd2 Rf7 16. Re2 Rb8 17. Rb1 Ng4 18. Rbe1 Nf6 19. b3 Re8 20. Re6 Kf8 21. h3 Qc7 22. Bf4 Qa5 23. Bxd6 Nd5 24. b4 Bxc3 25. Qh6+ Bg7 26. Qxg7+ Rxg7 27. bxa5 Rf7 28. Bc5 Rf6 29. c4 Rxe6 30. Rxe6 Nf4 31. Rf6+ 1-0

[Event "Maastricht Limburg op-B 6th"]
[Site "Maastricht"]
[Date "2012.05.26"]
[Round "2"]
[White "Keetman, Maaike"]
[Black "Hogerhorst, Tony"]
[Result "0-1"]
[WhiteElo "1788"]
[BlackElo "1950"]
[PlyCount "118"]
[EventDate "2012.05.25"]
[EventType "swiss"]
[EventRounds "7"]
[EventCountry "NED"]
[SourceTitle "EXT 2013"]
[Source "ChessBase"]
[SourceDate "2012.11.22"]
[SourceVersion "1"]
[SourceVersionDate "2012.11.22"]
[SourceQuality "1"]

1. e4 c5 2. Nc3 g6 3. d4 Bg7 4. Nf3 cxd4 5. Nxd4 Nc6 6. Be3 d6 7. Qd2 Bd7 8. 0-0-0 Nf6 9. f3 Rc8 10. g4 Ne5 11. h3 a6 12. f4 Nc4 13. Bxc4 Rxc4 14. e5 Ng8 15. exd6 exd6 16. Rhe1 Ne7 17. f5 0-0 18. Qe2 Rxc3 19. bxc3 Qa5 20. Kb2 Rc8 21. Rd3 Nd5 22. Bd2 Qa4 23. Qe4 Nb4 24. a3 Nxd3+ 25. cxd3 Bxd4 26. Qxd4 Qxd4 27. cxd4 gxf5 28. gxf5 Bxf5 29. Bh6 Bxd3 30. Rg1+ Bg6 31. h4 Rc2+ 32. Kb3 Rh2 33. Rc1 f6 34. Rc8+ Kf7 35. Rc7+ Ke6 36. Rxb7 Rxh4 37. Bd2 Rxd4 38. Bc3 Rd5 39. Ra7 Bd3 40. a4 h5 41. Ra8 Kf5 42. Rf8 Kg4 43. Bxf6 Rf5 44. Rg8+ Kf3 45. Bh4 d5 46. Rg3+ Ke4 47. Kc3 Bc4 48. Rg1 Rf3+ 49. Kd2 Rd3+ 50. Kc1 Rh3 51. Bf2 Ra3 52. Rg5 Be2 53. Kd2 Bg4 54. a5 Rxa5 55. Bg3 Ra2+ 56. Kc1 d4 57. Re5+ Kf3 58. Be1 Re2 59. Rxe2 Kxe2 0-1

[Event "Vlissingen HZ op 15th"]
[Site "Vlissingen"]
[Date "2011.08.05"]
[Round "8"]
[White "Haak, Eelco"]
[Black "Hogerhorst, Tony"]
[Result "1/2-1/2"]
[WhiteElo "2123"]
[BlackElo "1914"]
[PlyCount "99"]
[EventDate "2011.07.30"]
[EventType "swiss"]
[EventRounds "9"]
[EventCountry "NED"]
[SourceTitle "CBM 143 Extra"]
[Source "ChessBase"]
[SourceDate "2011.08.29"]
[SourceVersion "1"]
[SourceVersionDate "2011.08.29"]
[SourceQuality "1"]

1. d4 d5 2. c4 e6 3. Nf3 Nf6 4. g3 Be7 5. Bg2 0-0 6. 0-0 c5 7. cxd5 exd5 8. Nc3 Nc6 9. Bg5 Be6 10. dxc5 Bxc5 11. Rc1 Be7 12. Qd3 Rc8 13. Rfd1 Nb4 14. Qb1 h6 15. Bxf6 Bxf6 16. a3 Nc6 17. e3 Rc7 18. Nb5 Rd7 19. Nbd4 Nxd4 20. Nxd4 Bxd4 21. Rxd4 Qe7 22. Qd3 Rfd8 23. Rd1 Qc5 24. b4 Qc6 25. Qd2 b6 26. Rc1 Qb7 27. a4 f5 28. Qc3 Kf7 29. Bf1 Rd6 30. Qc7+ Qxc7 31. Rxc7+ R8d7 32. Rc3 Rd8 33. Ba6 Ke7 34. Kf1 Bd7 35. Rc7 Kf6 36. b5 Ra8 37. Bb7 Rd8 38. Ke2 Be6 39. Bc6 Bd7 40. Bxd5 Bxb5+ 41. axb5 Rxd5 42. Rxa7 Rxd4 43. exd4 Rxd4 44. Rb7 Rd6 45. f4 h5 46. Ke3 g6 47. Rc7 Ke6 48. Rc4 Rd5 49. Rc6+ Rd6 50. Rxd6+ 1/2-1/2

[Event "Maastricht Limburg op-B 5th"]
[Site "Maastricht"]
[Date "2011.06.13"]
[Round "7"]
[White "Hogerhorst, Tony"]
[Black "Bondarchuk, Vadim"]
[Result "0-1"]
[WhiteElo "1865"]
[BlackElo "1992"]
[PlyCount "96"]
[EventDate "2011.06.10"]
[EventType "swiss"]
[EventRounds "7"]
[EventCountry "NED"]
[SourceTitle "EXT 2012"]
[Source "ChessBase"]
[SourceDate "2011.11.24"]
[SourceVersion "1"]
[SourceVersionDate "2011.11.24"]
[SourceQuality "1"]

1. c4 e6 2. Nc3 d5 3. cxd5 exd5 4. d4 Nf6 5. Nf3 Be7 6. e3 0-0 7. Bd3 c6 8. Qc2 Nbd7 9. Bd2 Re8 10. Ne5 Nf8 11. f4 Ng4 12. Nxg4 Bxg4 13. 0-0 Bd6 14. Bf5 Bh5 15. Rae1 Qf6 16. Bh3 Qh4 17. Bc1 Rad8 18. Qf2 Qxf2+ 19. Rxf2 f6 20. Ref1 Re7 21. g4 Bg6 22. f5 Be8 23. Bg2 Bd7 24. e4 dxe4 25. Nxe4 Bc7 26. b3 Bc8 27. Bb2 Rde8 28. Re2 Bd6 29. g5 Nd7 30. h4 Kh8 31. a3 Nb6 32. gxf6 gxf6 33. b4 Nd5 34. Rff2 Bc7 35. Kf1 b6 36. b5 Kg7 37. Bf3 Bxf5 38. Bh5 Bxe4 39. Bxe8 Rxe8 40. Kg1 Kf7 41. bxc6 Rg8+ 42. Kf1 Bd3 43. Ke1 Bxe2 44. Kxe2 Nf4+ 45. Kd2 Rg2 46. Rxg2 Nxg2 47. Kd3 Nxh4 48. d5 Nf5 0-1

[Event "Maastricht Limburg op-B 5th"]
[Site "Maastricht"]
[Date "2011.06.12"]
[Round "5"]
[White "Hogerhorst, Tony"]
[Black "Scheeren, Fred"]
[Result "1-0"]
[WhiteElo "1865"]
[BlackElo "1703"]
[PlyCount "87"]
[EventDate "2011.06.10"]
[EventType "swiss"]
[EventRounds "7"]
[EventCountry "NED"]
[SourceTitle "EXT 2012"]
[Source "ChessBase"]
[SourceDate "2011.11.24"]
[SourceVersion "1"]
[SourceVersionDate "2011.11.24"]
[SourceQuality "1"]

1. c4 Nf6 2. Nc3 c5 3. g3 g6 4. Bg2 Bg7 5. Nf3 Nc6 6. d4 cxd4 7. Nxd4 Nxd4 8. Qxd4 d6 9. 0-0 0-0 10. Bg5 h6 11. Bd2 Be6 12. Qd3 Nd7 13. b3 Ne5 14. Qc2 Nc6 15. Rad1 Rc8 16. Qc1 Kh7 17. e4 a6 18. Be3 b6 19. f4 Bd7 20. Nd5 Rb8 21. Qd2 b5 22. c5 dxc5 23. Bxc5 Bg4 24. Bf3 Bxf3 25. Rxf3 Rb7 26. e5 Qc8 27. Rc3 Qe6 28. Rd3 Rc8 29. b4 Na5 30. Ne3 Nc4 31. Nxc4 Qxc4 32. Rd7 Qe4 33. Qd5 Rxd7 34. Qxd7 Rb8 35. Qxe7 Rb7 36. Qd6 g5 37. Qd5 Qxd5 38. Rxd5 Kg6 39. Kf2 gxf4 40. gxf4 Kf5 41. Kf3 Rb8 42. Rd7 Ke6 43. Re7+ Kd5 44. Rxf7 1-0

[Event "Maastricht Limburg op-B 5th"]
[Site "Maastricht"]
[Date "2011.06.11"]
[Round "3"]
[White "Esser, Thomas"]
[Black "Hogerhorst, Tony"]
[Result "0-1"]
[WhiteElo "1782"]
[BlackElo "1865"]
[PlyCount "80"]
[EventDate "2011.06.10"]
[EventType "swiss"]
[EventRounds "7"]
[EventCountry "NED"]
[SourceTitle "EXT 2012"]
[Source "ChessBase"]
[SourceDate "2011.11.24"]
[SourceVersion "1"]
[SourceVersionDate "2011.11.24"]
[SourceQuality "1"]

1. e4 c5 2. Nf3 Nc6 3. d4 cxd4 4. Nxd4 Nf6 5. Nc3 d6 6. Bg5 Qa5 7. Bxf6 gxf6 8. Be2 Rg8 9. Bf3 Ne5 10. 0-0 Bh3 11. b4 Nxf3+ 12. Qxf3 Bxg2 13. Qg3 Rxg3 14. bxa5 Rxc3 15. Kxg2 a6 16. Rfd1 Kd7 17. Rab1 Rb8 18. Rd3 Rc5 19. Rb6 Kc7 20. Rdb3 e5 21. Nf5 Rxa5 22. Ne3 Rc5 23. Nd5+ Kc8 24. Nb4 Ra8 25. Nd5 Ra7 26. c3 f5 27. Nf6 fxe4 28. Nxe4 Rc6 29. Nf6 Be7 30. Nd5 Bd8 31. R6b4 f5 32. a4 Rc5 33. Ne3 a5 34. Rb5 Rxb5 35. Rxb5 f4 36. Nc4 Ra6 37. Rd5 Bc7 38. Kf3 Rc6 39. Nxa5 Rxc3+ 40. Ke4 b6 0-1